[Event "Sautron op (Women)"]
[Site "Sautron"]
[Date "2013.05.09"]
[Round "3"]
[White "Terrazzoni, Claire"]
[Black "Ruhlmann, Anne"]
[Result "1-0"]
[WhiteElo "1596"]
[BlackElo "1400"]
[PlyCount "111"]
[EventDate "2013.05.08"]
[EventType "swiss"]
[EventRounds "6"]
[EventCountry "FRA"]
[SourceTitle "EXT 2014"]
[Source "ChessBase"]
[SourceDate "2013.11.20"]
[SourceVersion "1"]
[SourceVersionDate "2013.11.20"]
[SourceQuality "1"]

1. e4 c5 2. Nf3 a6 3. c3 e6 4. Be2 Nc6 5. 0-0 Qc7 6. d4 Nf6 7. Nbd2 d6 8. Re1 Be7 9. Bf1 0-0 10. Nb3 b6 11. d5 exd5 12. exd5 Ne5 13. Nxe5 dxe5 14. c4 Bd6 15. h3 e4 16. Be3 Re8 17. Rc1 Bd7 18. Na1 Re7 19. Nc2 Ne8 20. Be2 f5 21. Bd2 f4 22. Bg4 Nf6 23. Bxd7 Rxd7 24. Bc3 Be5 25. Bxe5 Qxe5 26. Rb1 Qg5 27. Qc1 Qh4 28. Qd1 Rd6 29. b4 Re8 30. bxc5 bxc5 31. Rb7 h6 32. Rc7 f3 33. Re3 Re5 34. Qf1 fxg2 35. Qxg2 Rg5 36. Rg3 Qf4 37. Rc8+ Kh7 38. Ne3 Rb6 39. Rxg5 hxg5 40. Qg3 Nh5 41. Qxf4 gxf4 42. Ng4 f3 43. Rxc5 Rg6 44. Kh2 Nf6 45. Ne3 Nd7 46. Ra5 Rh6 47. c5 Ne5 48. c6 Nxc6 49. dxc6 Rxc6 50. Re5 Kg6 51. Rxe4 Rf6 52. Kg3 Kf7 53. Rf4 Ke6 54. Rxf6+ gxf6 55. Kxf3 f5 56. Kf4 1-0

[Event "Rennes op 2nd"]
[Site "Rennes"]
[Date "2009.07.15"]
[Round "1"]
[White "Caillot, Arnaud"]
[Black "Ruhlmann, Anne"]
[Result "1-0"]
[WhiteElo "1698"]
[BlackElo "1499"]
[PlyCount "57"]
[EventDate "2009.07.15"]
[EventType "swiss"]
[EventRounds "9"]
[EventCountry "FRA"]
[SourceTitle "EXT 2011"]
[Source "ChessBase"]
[SourceDate "2010.11.26"]
[SourceVersion "1"]
[SourceVersionDate "2010.11.26"]
[SourceQuality "1"]

1. d4 d5 2. c4 dxc4 3. Nf3 Bf5 4. e3 e6 5. Bxc4 Nf6 6. 0-0 Nbd7 7. Nc3 Nb6 8. Bb3 c6 9. Qe2 Qc7 10. h3 0-0-0 11. a4 Bd6 12. e4 Bg6 13. e5 Be7 14. exf6 Bxf6 15. Rd1 Rhe8 16. Ne5 Bf5 17. Bf4 Nd5 18. Bh2 g5 19. Ne4 Qe7 20. Nxf6 Nxf6 21. Nc4 e5 22. dxe5 Rxd1+ 23. Rxd1 Ne4 24. Qf3 Qb4 25. Qxf5+ Re6 26. Nd6+ Nxd6 27. Bxe6+ fxe6 28. Qxe6+ Kc7 29. Qxd6+ 1-0